000 00487nam a2200169 i 4500
001 33845
003 ES-MaACL
005 20230906154830.0
007 t|
008 030203s1971 sp ||||1| cat d
100 1 _aBlade Desumvila, A.
_929079
245 1 0 _aGent de la Ribera d'Ebre
_b: (Artesans, pagesos, rodaires) /
_cA. Blade Desumvila.
250 _a[1ª ed.].
260 _a[Barcelona :
_bPáortic,
_c1971]
300 _a178 p. ;
_c19 cm.
852 _aES-MaACL
_jC-49183
_bR.80287
999 _c33845
_d33845